| 000 | 00382nam a22001697a 4500 | ||
|---|---|---|---|
| 003 | SGT | ||
| 020 | _a9789354668418 | ||
| 082 |
_a615.1 _bP24R |
||
| 100 | _aRAJE, V.N. | ||
| 245 | _aPHARMA SUCCESS | ||
| 250 | _a1ST | ||
| 260 |
_aNEW DELHI _bCBS PUBLISHER. _c2024 |
||
| 300 | _a440 | ||
| 650 | _aPHARMACY | ||
| 653 | _aPHARMA, DIPLOMA COMPETITION ,D PHARMA | ||
| 942 |
_2ddc _cBK _010 |
||
| 999 |
_c26656 _d26656 |
||